Central Library OPAC University of Rajshahi

Islam and the West : (Record no. 32373)

MARC details
000 -LEADER
fixed length control field 00871nam a2200265 a 4500
001 - CONTROL NUMBER
control field 32373
003 - CONTROL NUMBER IDENTIFIER
rucl marc code BD-RjUL
005 - DATE AND TIME OF LATEST TRANSACTION
control field 20211209051827.0
008 - FIXED-LENGTH DATA ELEMENTS--GENERAL INFORMATION
fixed length control field 140426r19661960stka b 001 0 eng
035 ## - SYSTEM CONTROL NUMBER
System control number (BD-RjUL)
System control number (BD-RjUL)32462
040 ## - CATALOGING SOURCE
Original cataloging agency LC
Language of cataloging eng
Transcribing agency LC
Modifying agency BD-RjUL
041 ## - LANGUAGE CODE
Language code of text/sound track or separate title eng
082 04 - DEWEY DECIMAL CLASSIFICATION NUMBER
Classification number 297
Author mark and year DAI 1966
100 1# - MAIN ENTRY--PERSONAL NAME
Personal name Daniel, Norman.
9 (RLIN) 98496
245 10 - TITLE STATEMENT
Title Islam and the West :
Remainder of title the making of an image /
Statement of responsibility, etc. Norman Daniel
260 ## - PUBLICATION, DISTRIBUTION, ETC. (IMPRINT)
Place of publication, distribution, etc. Edinburgh :
Name of publisher, distributor, etc. University Press,
Date of publication, distribution, etc. 1960 [reprinted 1966]
300 ## - PHYSICAL DESCRIPTION
Pagination ix, 443 p. :
Illustrations ill. ;
Size 23 cm.
504 ## - BIBLIOGRAPHY, ETC. NOTE
Bibliography, etc Includes Bibliography: p. 395-427 and index.
650 #0 - SUBJECT ADDED ENTRY--TOPICAL TERM
Topical term or geographic name as entry element Christianity and other religions
General subdivision Islam.
9 (RLIN) 5518
Topical term or geographic name as entry element Islam
General subdivision Relations
-- Christianity.
9 (RLIN) 5519
942 ## - ADDED ENTRY ELEMENTS (KOHA)
Source of classification or shelving scheme Dewey Decimal Classification
Koha item type Books
Holdings
Lost status Source of classification or shelving scheme Damaged status Not for loan Collection code Permanent Location Current Location Shelving location Date acquired Total Checkouts Full call number Date last seen Copy number Koha item type Source of acquisition Cost, normal purchase price
  Dewey Decimal Classification     Non-fiction Central Library, University of Rajshahi Central Library, University of Rajshahi   26/04/2014   297 DAI 1966 26/04/2014 C-4 Books    
  Dewey Decimal Classification     Non-fiction Central Library, University of Rajshahi Central Library, University of Rajshahi   03/02/1973   297 DAI 1966 26/04/2014 C-5 Books Britain 0.00
  Dewey Decimal Classification     Non-fiction Central Library, University of Rajshahi Central Library, University of Rajshahi   03/02/1973   297.2 DAI 1966 15/05/2014 C-2 Books Britain, Gift.  
  Dewey Decimal Classification     Non-fiction Central Library, University of Rajshahi Central Library, University of Rajshahi   03/02/1973   297 DAI 1966 15/05/2014 C-3 Books Britain, Gift.  
  Dewey Decimal Classification     Non-fiction Central Library, University of Rajshahi Central Library, University of Rajshahi   03/02/1973   297 DAI 1966 15/05/2014 C-6 Books Britain, Gift.